स्थूलतेतून स्फूर्तीकडे (Record no. 333827)

MARC details
000 -LEADER
fixed length control field 00603nam a2200169Ia 4500
008 - FIXED-LENGTH DATA ELEMENTS--GENERAL INFORMATION
fixed length control field 090711s9999 xx 000 0 und d
082 ## - DEWEY DECIMAL CLASSIFICATION NUMBER
Item number 973
100 ## - MAIN ENTRY--PERSONAL NAME
Personal name गाला ध. रा.
245 ## - TITLE STATEMENT
Title स्थूलतेतून स्फूर्तीकडे
260 ## - PUBLICATION, DISTRIBUTION, ETC. (IMPRINT)
Name of publisher, distributor, etc गाला पब्लिशर्स
Date of publication, distribution, etc 1991
300 ## - PHYSICAL DESCRIPTION
Extent 175
600 ## - SUBJECT ADDED ENTRY--PERSONAL NAME
Personal name गाला ध. रा.
630 ## - SUBJECT ADDED ENTRY--UNIFORM TITLE
Uniform title स्थूलतेतून स्फूर्तीकडे
700 ## - ADDED ENTRY--PERSONAL NAME
Personal name गाला ध. रा.
730 ## - ADDED ENTRY--UNIFORM TITLE
Uniform title स्थूलतेतून स्फूर्तीकडे
942 ## - ADDED ENTRY ELEMENTS (KOHA)
Koha item type Book

No items available.